Music Quiz

Random Music or Clickable Quiz
Score 0/15 Timer 04:00
0 Plays Today
% Correct
The Wall
94.3%
The Dark Side of the Moon
94%
The Division Bell
84.7%
The Endless River
83.7%
Wish You Were Here
83.1%
Animals
70.8%
Atom Heart Mother
70.7%
The Final Cut
70.4%
% Correct
A Momentary Lapse of Reason
68%
Meddle
63.6%
The Piper at the Gates of Dawn
62.8%
Obscured by Clouds
62.4%
A Saucerful of Secrets
59.2%
Ummagumma
58.3%
More
57.7%
Remove Ads.
Support Sporcle.
Get the best of Sporcle when you Go Orange. This ad-free experience offers more features, more stats, and more fun while also helping to support Sporcle. Thank you for becoming a member.

You're not logged in!

Compare scores with friends on all Sporcle quizzes.
OR
Log In

Sporcle TV

Today on Sporcle TV


Watch our educational content, quiz creation guides, and fun videos on Sporcle TV.

Show Comments

Extras

Top Quizzes Today


Score Distribution

Paid Content

Your Account Isn't Verified!

In order to create a playlist on Sporcle, you need to verify the email address you used during registration. Go to your Sporcle Settings to finish the process.

Report this User

Report this user for behavior that violates our Community Guidelines.

Details: